Técnicas participativas para la educación popular, tomo I (Registro nro. 4777)
[ vista simple ]
| 000 -Cabecera | |
|---|---|
| Campo de control de longitud fija | 00797aam a2200301 4500 |
| 005 - Fecha y hora de la última transacción | |
| Campo de control | 20260427181559.0 |
| 008 - Elementos de longitud fija--Información general | |
| Campo de control de longitud fija | 150417b1999 xxu||||| |||| 00| 0 spa d |
| 020 ## - International Standard Book Number | |
| Número Internacional Estándar del Libro (ISBN) | 9977926018 |
| 041 ## - Idioma | |
| Código de idioma | Español |
| 082 ## - Clasificación Decimal Dewey | |
| Número de clasificación | 371.3 V297t |
| 100 ## - Entrada principal--Autor personal | |
| Nombre personal | Vargas, Laura |
| 245 ## - Título propiamente dicho | |
| Título | Técnicas participativas para la educación popular, tomo I |
| 260 ## - Pie de imprenta | |
| Lugar de publicación, distribución, etc. | Costa Rica |
| 260 ## - Pie de imprenta | |
| Nombre del editor, distribuidor, etc. | Alforja |
| 260 ## - Pie de imprenta | |
| Fecha de publicación, distribución, etc. | 1999 |
| 300 ## - Descripción física | |
| Extensión | 279 páginas |
| 490 ## - Serie | |
| Título de la Serie | Temática General |
| 505 ## - Nota de contenido | |
| Nota de contenido | Contiene ilustraciones |
| 650 ## - Materia general | |
| Temática (materia general) | EDUCACIÓN |
| 650 ## - Materia general | |
| Temática (materia general) | METODOLOGÍA DE LA ENSENANZA |
| 650 ## - Materia general | |
| Temática (materia general) | METODOLOGÍA |
| 650 ## - Materia general | |
| Temática (materia general) | DINÁMICA DE GRUPOS |
| 650 ## - Materia general | |
| Temática (materia general) | TÉCNICA DE ANALISIS |
| 650 ## - Materia general | |
| Temática (materia general) | DINÁMICA DE ORGANIZACIÓN |
| 650 ## - Materia general | |
| Temática (materia general) | PLANIFICACIÓN |
| 650 ## - Materia general | |
| Temática (materia general) | EDUCACIÓN POPULAR |
| 942 ## - Punto de acceso adicional KOHA | |
| Tipo de ítem KOHA | Libro |
| Fuente del sistema de clasificación o colocación | Dewey Decimal Classification |
| Signatura completa | Código de barras | Programa Académico | Tipo de ítem |
|---|---|---|---|
| 371.3 V297t | 9054 | Temática General | Libro |
| 371.3 V297t | 21812 | Temática General | Libro |